| 000 | 00554ntaaa2200193 4500 | ||
|---|---|---|---|
| 003 | 01 | ||
| 005 | 20251027201119.0 | ||
| 008 | 0714s1973 ag 01 | ||
| 040 |
_aAR-BaBN _bspa _cAR-BaBN _eaacr _dRIC |
||
| 082 | _a207 T34t | ||
| 100 |
_aTheological Education _98684 |
||
| 245 |
_aTheological Education / _cTheological Education |
||
| 250 | _a1 ed. | ||
| 260 |
_aGeneva : _bWCC, _c1968 |
||
| 300 |
_a38 p. ; _c24 cm. |
||
| 500 | _aRecomendaciones de la Northwood Consultation. Julio 24-29 de 1967. | ||
| 650 |
_aEducación Teológica _93999 |
||
| 942 | _cBK | ||
| 999 |
_c5296 _d5296 |
||